Plato / (Record no. 171835)

MARC details
000 -LEADER
campo de control de longitud fija 00612nam a22001815i 4500
001 - NÚMERO DE CONTROL
campo de control 171835
003 - IDENTIFICADOR DE NÚMERO DE CONTROL
campo de control ES-MaACL
005 - FECHA Y HORA DE LA ÚLTIMA TRANSACCIÓN
campo de control 20250930063150.0
008 - DATOS DE LONGITUD FIJA--INFORMACIÓN GENERAL
campo de control de longitud fija 090602s1935 xxk |||| | eng d
100 1# - ENTRADA PRINCIPAL--NOMBRE DE PERSONA
Nombre de persona Solov'iov, Vladimir Sergueevich,
Fechas asociadas al nombre 1853-1900
9 (RLIN) 140456
245 10 - MENCIÓN DEL TÍTULO
Título Plato /
Mención de responsabilidad, etc. Vladimir Soloviev ; translated from the russian by Richard Gill ; with a note on Solovyev by Janko Lavrin.
260 ## - PUBLICACIÓN, DISTRIBUCIÓN, ETC.
Lugar de publicación, distribución, etc. London :
Nombre del editor, distribuidor, etc. Stanley Nott,
Fecha de publicación, distribución, etc. 1935.
300 ## - DESCRIPCIÓN FÍSICA
Extensión 83 p. ;
Dimensiones 23 cm.
700 1# - ENTRADA AGREGADA--NOMBRE PERSONAL
Nombre de persona Gill, Richard.
9 (RLIN) 140458
700 0# - ENTRADA AGREGADA--NOMBRE PERSONAL
Nombre de persona Lavrin, Janko.
9 (RLIN) 70733
852 ## - LOCALIZACIÓN
Ubicación ES-MaACL
Número de control de estantería A-4319
Holdings
Estatus retirado Estado de pérdida Estado de daño No para préstamo Biblioteca de origen Biblioteca actual Ubicación en estantería Fecha de adquisición Fuente de adquisición Total de préstamos Signatura topográfica completa Código de barras Visto por última vez Precio de reemplazo Tipo de ítem Koha
        Biblioteca del Ateneo de Madrid Biblioteca del Ateneo de Madrid Sala Pecera Planta 1 02/06/2009     A-4319 1180337 23/02/2023 23/02/2023 Libro impreso